Countries With Spanish as an Official Language - Sudden Death - Statistics

General Stats
  • This quiz has been taken 4,252 times
    2,990 since last reset
  • The average score is 6 of 16
Answers on the Grid
Answers color-coded by a green-red scale on the quiz's grid according to % correct below.
Andorra
Argentina
Barbados
Belize
Bolivia
Chile
Costa Rica
Cuba
Dominican Republic
East Timor
Ecuador
El Salvador
Equatorial Guinea
Grenada
Guatemala
Guinea-Bissau
Guyana
Haiti
Honduras
Jamaica
Mexico
Morocco
Nicaragua
Panama
Peru
Philippines
San Marino
Suriname
Trinidad and Tobago
United States
Uruguay
Venezuela
 
Answer Stats
Answer % Correct
Argentina
58%
Chile
52%
Cuba
47%
Costa Rica
46%
Bolivia
45%
Ecuador
45%
El Salvador
44%
Dominican Republic
42%
Guatemala
40%
Honduras
35%
Venezuela
32%
Nicaragua
27%
Panama
27%
Peru
26%
Uruguay
25%
Equatorial Guinea
23%
No matching quizzes found
Score Distribution
Percent of People with Each Score
Percentile by Number Answered
Your Score History
You have not taken this quiz since the last reset